Normale Ansicht MARC-Ansicht ISBD

Blackwell Encyclopedia of the Russian Revolution / (Titelsatznr. 8612)

[ MARC ]
MARC-Details
000 -Satzkennung
Kontrollfeld mit fester Länge 00419nam a22001571c 4500
001 - Kontrollnummer
Kontrollfeld a987682008
008 - Feld mit fester Länge zur physischen Beschreibung - Allgemeine Angaben
Kontrollfeld mit fester Länge 051003s1988 gw |||| 000u eng d
041 ## - Sprachcode
Sprachcode des Textes/der Tonspur oder des separaten Titels eng
040 ## - Katalogisierungsquelle
Übertragungsstelle RU-10907106
003 - Kontrollnummer Identifier
Kontrollfeld RU-10907106
245 00 - Titel
Titel Blackwell Encyclopedia of the Russian Revolution /
Verfasserangabe etc. H. Shukman
264 ## - Produktion, Veröffentlichung, Distribution, Herstellung und Urheberrechtsvermerk
Herstellungs-, Veröffentlichungs- Vertriebs-, Erzeugungsort Oxford :
Produzent, Herausgeber, Distributor, Hersteller Blackwell,
Datum der Herstellung, der Veröffentlichung, des Vertriebs oder des Urheberschutzvermerks 1988
300 ## - Physische Beschreibung
Umfang 418 S. Leinen
700 1# - Nebeneintragung - Personenname
Personenname Shukman, Harold
Funktionsbezeichnung HerausgeberIn
942 ## - Zusätzliche Felder (Koha)
Koha-Medientyp Monographien
Exemplare
Ausgeschieden Verloren Klassifikation oder Aufstellungssystematik Beschädigt Nicht entleihbar Heimatbibliothek Aufenthaltsbibliothek Aufstellungsort Erwerbungsdatum Inventarnummer Signatur Barcode Letzte Aktivität Preis gültig von Koha-Medientyp
    Andere/Generische Klassifikation     MWN Osteuropa MWN Osteuropa Magazin - 2 03/10/2005 05-03651 R 61 ab 102 E004015078FCE6B1 22/02/2021 22/03/2021 Monographien